000 00448nam a2200181Ia 4500
001 21238
005 20260306172904.0
008 260306t2008||||xx |||||||||||||| ||spa||
041 _aESP
082 _a344.4
_bV28
100 _aVan der Maat, Bruno A.,
_eAUT
245 0 _aPrivados de libertad ciudadanos de segunda clase
260 _c2008
300 _a86 páginas :
_c21 cm.
650 _aGEN
654 _aCDE
942 _cLIB
_dJUS
_fJUS
_2ddc
_n
999 _c21238
_d21238